00921nam a2200301 a 45000010008000000030004000080050017000120080041000290100017000700150008000870200012000950250014001070400023001210420010001440430012001540500023001660820015001891000024002042450064002282500022002922600053003143000054003675000014004215040041004355200081004766500038005576510024005953502160OSt20200606115832.0940512s1993 ii b 000 0chino  a 94900206  2891 cRs75.00 aI-H-28282 aDLCcMESKC library alcode aa-ii---00aDS435.5b.J33 1993 a920bCHA/B0 aJagadīśa Candra10aBhāratīya kalāvid /cJagadīśa Candra Caturvedī. aSaṃskaraṇa 1. aIlāhābāda :bUmeśa Prakāśana,c1993. a120 p., [10] leaves of plates :bports. ;c22 cm. aIn Hindi. aIncludes bibliographical references. aBrief biographies of archaeologists from India and who have worked on India. 0aArchaeologistszIndiaxBiography. 0aIndiaxAntiquities.